El asalto a la nevera : reflexiones sobre la cultura del siglo XX /

Na minha lista:
Detalhes bibliográficos
Autor principal: Wollen, Peter (autor)
Formato: Livro
Idioma:espanhol
Publicado em: Madrid, España : Akal, 2006, c2006
coleção:(Akal Cuestiones de Antagonismo ; 43)
Assuntos:
Tags: Adicionar Tag
Sem tags, seja o primeiro a adicionar uma tag!

MARC

LEADER 00000nam^a2200000^a^4500
001 000266536
005 20250521000000.0
009 20260310110755.041
020 |a 84-460-2476-4 
037 |a Acervo ITESO - Biblioteca 
041 |a ESP 
082 |a 709. 04  |b WOL 
100 |a Wollen, Peter  |e (autor) 
245 1 3 |a El asalto a la nevera :  |b reflexiones sobre la cultura del siglo XX /  |c P. Wollen ; tr. por Cristina Piña Aldao. 
264 4 |a Madrid, España :  |b Akal,  |c 2006, c2006 
300 |a 235 p. 
336 |a texto  |b txt  |2 rdacontenido 
337 |a sin mediación  |b n  |2 rdamedio 
338 |a volumen  |b nc  |2 rdasoporte 
440 1 |a (Akal Cuestiones de Antagonismo ;  |v 43) 
500 |a Traducción de: Raiding the Icebox. Reflections on Twentieth-Century Culture 
649 |a XX 
650 |a Arte Moderno -  |x Historia y Crítica 
650 |a Arte y Sociedad -  |x Historia y Crítica 
650 |a Arte -  |y Siglo XX -  |x Tema Principal 
650 |a Modernidad y Posmodernidad 
910 |a Fondo General 
920 |a Impresos - Libros 
930 |a Colección General 
905 |a 101 
901 |a 0500149931  |b IT1  |c ACC  |u 20250521 
902 |a https://opac.biblio.iteso.mx/vufind/Record/000266536